000 00610nam a2200241Ia 4500
003 OSt
005 20221005122953.0
006 a|||||r|||| 00| 0
007 ta
008 221004b |||||||| |||| 00| 0 hin d
024 _a53602
037 _cTextual
040 _aCRL
_cCRL
_bhin
041 _2hin
_ahin
082 _aO152,3M80,4, 32K2
100 _aPremchand Au.
_9155410
245 0 _aKaya kalpam
260 _c1962
650 _a HINDI LITERATURE
_923866
650 _aHINDI FICTION
942 _hO152,3M80,4, 32K2
_cTEXL
_2cc
999 _c1045956
_d1045956